Nyilt levél a "Felvidéki Hirlap" tekintetes szerkesztőségéhez

Autor listu poukazuje na to, že sa vo svete rozbehla humanistická akcia na podporu najchudobnejších židovských obyvateľov. J.T.O (= Jewisch territorial Organization) - vznik v jednotlivých mestách a finančný príspevok 4 koruny. Autor listu, bývalý lekár Humenného chce byť evidovaný ako darca v Humen...

Celý popis

Podrobná bibliografia
Hlavný autor: Thomán, Dávid (Author)
Médium: Článok
Jazyk:Hungarian
Témy:
Zdroj: 1. Felvidéki Hirlap 1. Roč. 5, č. 40 (20.10.1912) s. 2
LEADER 01326nab#a2200337#ar4500
001 000074077
003 SVKKK
005 20040604xxxxxxx.
008 06 c xo huno
FMT
038 |a SVKKK 
040 |a SVKKK  |b slo  |e AACR2 
041 0 |a hun 
044 |a xo  |c SK 
080 |a 07 
080 |a 296 
100 1 |a Thomán, Dávid  |4 aut 
242 1 0 |a Otvorený list adresovaný veľaváženej redakcii "Felvidéki Hirlap" 
245 1 0 |a Nyilt levél a "Felvidéki Hirlap" tekintetes szerkesztőségéhez  |c Dávid Thomán 
500 |a mikrofilm 
520 2 |a Autor listu poukazuje na to, že sa vo svete rozbehla humanistická akcia na podporu najchudobnejších židovských obyvateľov. J.T.O (= Jewisch territorial Organization) - vznik v jednotlivých mestách a finančný príspevok 4 koruny. Autor listu, bývalý lekár Humenného chce byť evidovaný ako darca v Humennom v ktorom však zatiaľ nevznikla táto humanitná organizácia. 
650 0 4 |a listy - J.T.O. (Jewish Territorial Organization) - vznik avizovaný - podpora finančná - zbierky organizované - texty 
773 0 |t Felvidéki Hirlap  |g Roč. 5, č. 40 (20.10.1912) s. 2 
957 |a Humenné 
958 |a CI 
958 |a DG 
958 |a SK 
974 |a Ba  |d 20040604 
992 |a RBX 
BAS
998 |a RETRO